000 00284nam a22001337a 4500
008 170413b xxu||||| |||| 00| 0 eng d
020 _a9780139239885
041 _aeng
080 _211TH
_a612.39
100 _a10
101 _aSHM
245 _aFOODS
_cBENNION, M
942 _2udc
_cBK
999 _c10691
_d10691